Coruscant Guard - Statistics

General Stats
  • This quiz has been taken 8 times
  • The average score is 6 of 8
Answer Stats
Rank/Position Name % Correct
Commander Fox
100%
Commander Thire
86%
Commander Thorn
86%
Sergeant Hound
71%
Trooper Jek
71%
Commander Stone
71%
Trooper Rys
57%
Pilot Mack
43%
No matching quizzes found
Score Distribution
Percent of People with Each Score
Percentile by Number Answered
Your Score History
You have not taken this quiz